Т. 8, № 1-24; Вестник золотопромышленности и горного дела вообще

Detaylı Bibliyografya
Parent link:Вестник золотопромышленности и горного дела вообще: технико-экономический журнал. Т. 8, № 1-24.— , 1892, 1894-1906
Dil:Rusça
Baskı/Yayın Bilgisi: 1899
Materyal Türü: MixedMaterials Kitap
KOHA link:https://koha.lib.tpu.ru/cgi-bin/koha/opac-detail.pl?biblionumber=530657

MARC

LEADER 00000nam2a2200000 4500
001 530657
005 20231101112521.0
035 |a (RuTPU)RU\TPU\prd\216719 
035 |a RU\TPU\prd\216716 
090 |a 530657 
100 |a 20140407b1899 k y0rusy50 ca 
101 0 |a rus 
102 |a RU 
200 0 |a Т. 8, № 1-24 
210 |d 1899 
461 1 |0 (RuTPU)RU\TPU\prd\968  |t Вестник золотопромышленности и горного дела вообще  |o технико-экономический журнал  |v Т. 8, № 1-24  |d 1892, 1894-1906 
801 0 |a RU  |b 63413507  |c 20010227  |g PSBO 
801 1 |a RU  |b 63413507  |c 20020301  |g PSBO 
801 2 |a RU  |b 63413507  |c 20190114  |g PSBO 
942 |c BK 
999 |a НТБ_ТПУ  |b РФ  |e -4/20140109  |p П-801  |u 0,00  |v 1  |y 13821000804565